[Event "Superettan(Helsingborg-Lulea)"]
[Site "?"]
[Date "2023.10.13"]
[Round "1"]
[White "Kristensen, Kare Hove"]
[Black "Ernst, Thomas"]
[Result "1-0"]
[WhiteElo "2258"]
[BlackElo "2314"]
[PlyCount "121"]
[SourceVersionDate "2023.10.29"]

1. Nf3 Nf6 2. c4 c5 3. e3 e6 4. Nc3 Nc6 5. d4 d5 6. a3 a6 7. dxc5 Bxc5 8. b4
Bd6 9. Bb2 O-O 10. Qc2 dxc4 11. Bxc4 Ne5 12. Ne4 Nxe4 13. Nxe5 Nf6 14. Be2 Qe7
15. O-O Nd7 16. Nc4 Bc7 17. Bf3 Rb8 18. Rfd1 b6 19. Qd3 Rd8 20. Nd6 Bxd6 21.
Qxd6 Qxd6 22. Rxd6 Bb7 23. Rad1 Bxf3 24. gxf3 Rb7 25. Bd4 Re8 26. Bxg7 Kxg7 27.
Rxd7 Re7 28. Rxe7 Rxe7 29. Rd6 Rb7 30. f4 Kf6 31. e4 a5 32. Kg2 axb4 33. axb4
b5 34. f3 Rb8 35. Rc6 Rb7 36. f5 Ke5 37. fxe6 fxe6 38. Kf2 Kd4 39. Rxe6 Kc4 40.
f4 Kxb4 41. f5 Kc5 42. f6 b4 43. Re7 Rb8 44. f7 Rf8 45. Ke3 Kd6 46. Rb7 Ke6 47.
Kd4 Rxf7 48. Rb6+ Ke7 49. Rxb4 Kf6 50. Rb6+ Kg5 51. Rb2 Rd7+ 52. Ke5 Re7+ 53.
Kd5 Kf4 54. Rf2+ Ke3 55. Rf1 Rd7+ 56. Ke6 Rd2 57. e5 Rxh2 58. Kf7 Rf2+ 59. Rxf2
Kxf2 60. Kf6 h5 61. Kg5 1-0

[Event "Superettan(Kristallen-SS 4 Springare)"]
[Site "?"]
[Date "2023.10.13"]
[Round "1"]
[White "Larkin, Vladyslav"]
[Black "Walinder, Lars"]
[Result "1-0"]
[WhiteElo "2464"]
[BlackElo "2258"]
[PlyCount "151"]
[SourceVersionDate "2023.10.31"]

1. Nf3 d5 2. e3 Nf6 3. c4 e6 4. Nc3 b6 5. cxd5 exd5 6. b4 c6 7. Rb1 Be7 8. b5
c5 9. d4 O-O 10. Ne5 Bb7 11. Be2 Qc7 12. Qb3 Nbd7 13. f4 Rad8 14. O-O Nxe5 15.
fxe5 Ne4 16. Nxe4 dxe4 17. Bb2 cxd4 18. Bxd4 Bd5 19. Qa4 Bc5 20. Rbc1 Qe7 21.
Bxc5 bxc5 22. Qa3 Rc8 23. Rfd1 Ba8 24. Bg4 Rc7 25. Qc3 Qg5 26. Be2 Bb7 27. a4
Re8 28. a5 h5 29. a6 Bc8 30. Rd5 Bh3 31. Bf1 c4 32. Qd4 Be6 33. Rd6 Rec8 34. b6
axb6 35. Rxb6 c3 36. a7 Rd7 37. Rd6 Rdc7 38. Ra6 Ra8 39. Rxc3 Rd7 40. Qc5 Rd1
41. Rc1 Rd5 42. Qb6 Rdd8 43. Ra4 h4 44. Kh1 h3 45. Rd4 Re8 46. Rd2 Qxe5 47. Bb5
Rec8 48. Rxc8+ Rxc8 49. Qd8+ Kh7 50. a8=Q hxg2+ 51. Kg1 Rxa8 52. Qxa8 Qxb5 53.
Qxe4+ g6 54. Qxg2 Qh5 55. Rf2 Qd1+ 56. Rf1 Qh5 57. Qf3 Qg5+ 58. Qg3 Qd8 59. h4
Qd2 60. Qf2 Qd5 61. Qf3 Qc5 62. Rf2 Qb5 63. Kh2 Qe5+ 64. Qf4 Qc5 65. Rg2 Qb5
66. Kg3 Qc5 67. h5 g5 68. Qd4 Qc7+ 69. Kf3 Qc6+ 70. Qe4+ Qxe4+ 71. Kxe4 Kh6 72.
Ke5 Bh3 73. Rf2 Be6 74. Kf6 Kxh5 75. Rg2 Kh4 76. Rxg5 1-0

[Event "Superettan(Rockaden,Sthlm II-Upsala)"]
[Site "?"]
[Date "2023.10.13"]
[Round "1"]
[White "Bernhard, Jonathan"]
[Black "Eriksson, Dan"]
[Result "0-1"]
[WhiteElo "2058"]
[BlackElo "2252"]
[PlyCount "70"]
[SourceVersionDate "2023.11.03"]

1. e4 e5 2. d3 Nc6 3. Be3 Nf6 4. c4 Bb4+ 5. Nc3 d6 6. h3 a6 7. Rc1 Be6 8. Nf3
b5 9. cxb5 axb5 10. a3 Bxc3+ 11. Rxc3 Ne7 12. Ng5 Bd7 13. d4 Ng6 14. dxe5 dxe5
15. Qc1 O-O 16. Bd3 Re8 17. O-O h6 18. Nf3 Nh5 19. Rd1 Qf6 20. Be2 Nhf4 21. Kf1
b4 22. axb4 Ba4 23. b3 Nxe2 24. Kxe2 Bb5+ 25. Ke1 Nf4 26. Bxf4 exf4 27. Rd4 Qg6
28. Qxf4 Qxg2 29. Rcc4 Ra1+ 30. Ke2 Qf1+ 31. Ke3 Rb1 32. Rd3 Bxc4 33. bxc4 Rxb4
34. Qxc7 Qxh3 35. Qc6 Rc8 0-1

[Event "Superettan(Helsingborg-Lulea)"]
[Site "?"]
[Date "2023.10.13"]
[Round "1"]
[White "Wulkan, Martin"]
[Black "Nilsson, Anders"]
[Result "1/2-1/2"]
[WhiteElo "2244"]
[BlackElo "2210"]
[PlyCount "80"]
[SourceVersionDate "2023.10.29"]

1. d4 c5 2. d5 e5 3. c4 d6 4. e4 Be7 5. Nf3 Bg4 6. Nbd2 Bg5 7. Qa4+ Nd7 8. Nxg5
Qxg5 9. h4 Qf4 10. g3 Qf6 11. Bg2 h6 12. h5 Kf8 13. f3 Nb6 14. Qc2 Bc8 15. Nf1
Qe7 16. Bd2 Nf6 17. Ne3 Bd7 18. b3 Nh7 19. a3 Re8 20. a4 Qg5 21. Nf1 Qd8 22.
Bc3 Ng5 23. Ne3 Nc8 24. Kd2 a5 25. Raf1 f6 26. f4 Nf7 27. Re1 b6 28. Kc1 Kg8
29. Ref1 Kh7 30. Rf2 Rhf8 31. Rhf1 Kg8 32. Bf3 Kh8 33. Re1 Ne7 34. Ng2 Qc8 35.
Nh4 Bg4 36. Ng6+ Kg8 37. Nxf8 Rxf8 38. fxe5 dxe5 39. Qe2 Bd7 40. Bg2 Bg4
1/2-1/2

[Event "Superettan(Kristallen-SS 4 Springare)"]
[Site "?"]
[Date "2023.10.13"]
[Round "1"]
[White "van Hengel, Hugo"]
[Black "Miezis, Normunds"]
[Result "0-1"]
[WhiteElo "2222"]
[BlackElo "2428"]
[PlyCount "92"]
[SourceVersionDate "2023.10.31"]

1. e4 c5 2. Nf3 e6 3. d4 cxd4 4. Nxd4 a6 5. Bd3 Nc6 6. Nxc6 dxc6 7. O-O e5 8.
Be3 Nf6 9. h3 Bd6 10. a4 O-O 11. Nd2 Be6 12. Kh1 Qe7 13. f4 exf4 14. Bxf4 Bxf4
15. Rxf4 g6 16. Qe2 Nd7 17. e5 Qg5 18. Raf1 Qxe5 19. Qf2 b5 20. Ne4 Bd5 21. Nc3
Rae8 22. Nxd5 Qxd5 23. Rd4 Qe6 24. Qf4 Ne5 25. Qh6 f5 26. Re1 Qf7 27. Qd2 Qf6
28. c3 c5 29. Rd5 c4 30. Bc2 f4 31. Qd4 Nf3 32. Rxe8 Nxd4 33. Rxf8+ Kxf8 34.
Rxd4 Qh4 35. Be4 Qe1+ 36. Kh2 Qc1 37. axb5 axb5 38. Bd5 g5 39. Bc6 Qxb2 40. Rd5
Qxc3 41. Rxb5 Qg3+ 42. Kh1 c3 43. Rc5 Qe3 44. Rc4 Qd3 45. Bb5 Qxc4 46. Bxc4 c2
0-1

[Event "Superettan(Rockaden,Sthlm II-Upsala)"]
[Site "?"]
[Date "2023.10.13"]
[Round "1"]
[White "Nikolic, Vladan"]
[Black "Fallman, Micael"]
[Result "1/2-1/2"]
[WhiteElo "2210"]
[BlackElo "1961"]
[PlyCount "95"]
[SourceVersionDate "2023.11.03"]

1. d4 Nf6 2. c4 e6 3. Nf3 d5 4. g3 Be7 5. Bg2 O-O 6. O-O dxc4 7. Qc2 a6 8. a4
Bd7 9. Qxc4 Bc6 10. Bg5 a5 11. Nc3 Bxf3 12. Bxf3 c6 13. Rfd1 Na6 14. Rac1 Nb4
15. e4 Rc8 16. h4 h6 17. Be3 Qd7 18. Kg2 Rfd8 19. Qe2 Qe8 20. b3 Bf8 21. Nb1
Nd7 22. e5 Nb6 23. Nd2 N6d5 24. Ne4 b6 25. g4 c5 26. g5 cxd4 27. Rxc8 Rxc8 28.
Rxd4 Nxe3+ 29. fxe3 hxg5 30. hxg5 Nd5 31. Kh3 Rc1 32. Nf6+ Nxf6 33. gxf6 Qb8
34. Qd2 Rc8 35. Qh2 Rc5 36. Re4 Qc7 37. Qg3 g6 38. Be2 Rc1 39. Bc4 Rh1+ 40. Kg2
Rh5 41. Kf2 Bh6 42. Ke2 Kh7 43. Kd3 Rg5 44. Qh2 Rh5 45. Qb2 Rh3 46. Qd4 Bf8 47.
Rh4+ Rxh4 48. Qxh4+ 1/2-1/2

[Event "Superettan(Kristallen-SS 4 Springare)"]
[Site "?"]
[Date "2023.10.13"]
[Round "1"]
[White "Andersson, Goran L"]
[Black "Sivuk, Vitaly"]
[Result "0-1"]
[WhiteElo "2200"]
[BlackElo "2461"]
[PlyCount "82"]
[EventDate "2023.??.??"]
[SourceVersionDate "2023.10.31"]

1. e4 c5 2. Nf3 Nc6 3. Bb5 g6 4. O-O Bg7 5. Re1 e5 6. Bxc6 dxc6 7. b4 cxb4 8.
a3 bxa3 9. Nxa3 Ne7 10. Bb2 f6 11. d4 exd4 12. Bxd4 Bg4 13. c3 b6 14. Qb3 c5
15. Be3 Qd7 16. Rad1 Qe6 17. c4 O-O 18. Nb5 Bxf3 19. gxf3 Qh3 20. Bf4 Nc6 21.
Rd6 Ne5 22. Re3 f5 23. exf5 Rxf5 24. Bg3 Raf8 25. f4 Ng4 26. Red3 Rh5 27. Qd1
Nxh2 28. Qxh5 Qxh5 29. Bxh2 Qg4+ 30. Kf1 Re8 31. Rd8 Qe2+ 32. Kg1 Bd4 33. Rxe8+
Qxe8 34. Nxd4 Qe1+ 35. Kg2 Qe4+ 36. Rf3 cxd4 37. f5 g5 38. Kg3 d3 39. f6 Kf7
40. Re3 Qxe3+ 41. fxe3 d2 0-1

[Event "Superettan(Helsingborg-Lulea)"]
[Site "?"]
[Date "2023.10.13"]
[Round "1"]
[White "Nilsson Hask, Patrik"]
[Black "Marklund, Niklas"]
[Result "0-1"]
[WhiteElo "2157"]
[BlackElo "2168"]
[PlyCount "50"]
[EventDate "2023.??.??"]
[SourceVersionDate "2023.10.29"]

1. f4 d5 2. Nf3 Bg4 3. e3 e6 4. h3 Bh5 5. b3 Be7 6. g3 Nf6 7. d3 Nc6 8. Bg2 Nd7
9. O-O O-O 10. Qe1 Bf6 11. d4 Bxf3 12. Bxf3 Nxd4 13. Bd1 Nxc2 14. Bxc2 Bxa1 15.
Ba3 c5 16. Nc3 Qa5 17. Qxa1 Qxa3 18. f5 c4 19. Qd1 cxb3 20. axb3 Qc5 21. Na4
Qxe3+ 22. Kg2 Rac8 23. Rf3 Qe5 24. Qd3 Qc7 25. Rf2 Nf6 0-1

[Event "Superettan(Kristallen-SS 4 Springare)"]
[Site "?"]
[Date "2023.10.13"]
[Round "1"]
[White "Poley, Vladimir"]
[Black "Ljung, Harald"]
[Result "1-0"]
[WhiteElo "2284"]
[BlackElo "2164"]
[PlyCount "113"]
[SourceVersionDate "2023.11.02"]

1. b4 Nf6 2. Bb2 g6 3. Nf3 Bg7 4. g3 O-O 5. Bg2 d5 6. O-O Qd6 7. a3 a5 8. c3 e5
9. d3 Bf5 10. Nbd2 Rd8 11. c4 d4 12. c5 Qe7 13. Nc4 Nbd7 14. c6 bxc6 15. Nxa5
Nb8 16. Rc1 Ra6 17. Nd2 Nd5 18. Ne4 Bxe4 19. Bxe4 Rb6 20. Qb3 Qd7 21. Rc2 h5
22. Rfc1 Bh6 23. Re1 Bg7 24. Bc1 Bf6 25. Bd2 Ne7 26. Nc4 Rb7 27. Qa4 Rb5 28.
Na5 c5 29. Nc6 Rb6 30. Nxe7+ Bxe7 31. Qxd7 Nxd7 32. bxc5 Bxc5 33. a4 Rdb8 34.
a5 Ra6 35. f4 Bd6 36. f5 Kg7 37. fxg6 fxg6 38. Rec1 Ra7 39. Bc6 Nf8 40. Rf1 Ne6
41. Kg2 Nd8 42. Bd5 Rb5 43. Bc4 Rb8 44. a6 c5 45. Kf3 Nc6 46. Ke4 Rb6 47. Bg5
Na5 48. Bd5 Nc6 49. Bc4 Na5 50. Be6 Nc6 51. Ra2 Nb4 52. Ra4 Bb8 53. Bc4 Rd6 54.
Rb1 Rb6 55. Bd8 Rd6 56. Ba5 Nxa6 57. Bb6 1-0

[Event "Superettan(Rockaden,Sthlm II-Upsala)"]
[Site "?"]
[Date "2023.10.13"]
[Round "1"]
[White "Styf, Josef"]
[Black "Bryntze, Stefan"]
[Result "0-1"]
[WhiteElo "2020"]
[BlackElo "2236"]
[PlyCount "88"]
[SourceVersionDate "2023.11.03"]

1. d4 e6 2. c4 b6 3. Nf3 Bb7 4. g3 Bb4+ 5. Bd2 Bxd2+ 6. Qxd2 f5 7. Bg2 Nf6 8.
Nc3 O-O 9. O-O Ne4 10. Nxe4 Bxe4 11. d5 Qf6 12. dxe6 dxe6 13. Qd4 Nc6 14. Qxf6
gxf6 15. Rfd1 Rad8 16. e3 Kf7 17. Nd4 Nxd4 18. exd4 Rd7 19. Rd2 Rfd8 20. Rad1
Bxg2 21. Kxg2 e5 22. d5 Ke7 23. Kf3 c6 24. Ke3 cxd5 25. cxd5 Rc8 26. f4 Rc4 27.
Kf3 Kd6 28. Re1 Rdc7 29. fxe5+ fxe5 30. Rde2 Re7 31. Rd1 Rd4 32. Rc1 Kxd5 33.
Rc8 Rd3+ 34. Kf2 Ke6 35. Rf8 e4 36. g4 Rf3+ 37. Kg2 Rg7 38. h3 h5 39. Re8+ Kf6
40. Rc2 hxg4 41. h4 Re7 42. Rc6+ Kf7 43. Rh8 e3 44. Rh7+ Ke8 0-1

[Event "Superettan(Helsingborg-Lulea)"]
[Site "?"]
[Date "2023.10.13"]
[Round "1"]
[White "Hovhannisyan, Hrayr"]
[Black "Johansson, Thomas"]
[Result "1/2-1/2"]
[WhiteElo "2199"]
[BlackElo "2196"]
[PlyCount "76"]
[SourceVersionDate "2023.10.29"]

1. d4 Nf6 2. c4 e6 3. Nf3 b6 4. g3 Bb7 5. Bg2 Be7 6. O-O O-O 7. Nc3 Ne4 8. Qc2
Nxc3 9. bxc3 f5 10. d5 Qc8 11. e4 fxe4 12. Qxe4 Na6 13. Be3 Bf6 14. Rfd1 Qe8
15. Nd4 e5 16. Nb5 d6 17. a4 Qd7 18. a5 Nc5 19. Bxc5 bxc5 20. a6 Bc8 21. Rd3 g6
22. h4 Qe7 23. Rf3 Rf7 24. Ra2 Kg7 25. Kh2 Qd7 26. h5 g5 27. h6+ Kg8 28. g4 Qe7
29. Bf1 Qf8 30. Bd3 Qxh6+ 31. Rh3 Qg7 32. Kg3 Bd8 33. f3 h6 34. Rah2 Rf6 35.
Ra2 Bd7 36. Qe1 Qf8 37. Qe4 Qg7 38. Qe1 Qf8 1/2-1/2

[Event "Superettan(Kristallen-SS 4 Springare)"]
[Site "?"]
[Date "2023.10.13"]
[Round "1"]
[White "Naslund, Mikael"]
[Black "Gajic, Mladen"]
[Result "0-1"]
[WhiteElo "2149"]
[BlackElo "2280"]
[PlyCount "58"]
[SourceVersionDate "2023.11.02"]

1. d4 e6 2. c4 f5 3. g3 Nf6 4. Bg2 Be7 5. Nf3 O-O 6. O-O d6 7. Nc3 a5 8. Bg5
Nbd7 9. Qc2 Ng4 10. Bxe7 Qxe7 11. e4 f4 12. h3 Nh6 13. e5 dxe5 14. dxe5 Nc5 15.
g4 Bd7 16. Rad1 Bc6 17. Rd4 Bxf3 18. Bxf3 Qh4 19. Kg2 Nf7 20. Qe2 Rad8 21. Rxd8
Rxd8 22. Ne4 Nxe4 23. Bxe4 Ng5 24. Rh1 c6 25. Bf3 Rd4 26. b3 h6 27. Qe1 Rd3 28.
Qe2 Rxf3 29. Rd1 Rxf2+ 0-1

[Event "Superettan(Rockaden,Sthlm II-Upsala)"]
[Site "?"]
[Date "2023.10.13"]
[Round "1"]
[White "Zadruzny, Nicolaj"]
[Black "Mitra, Ashoke"]
[Result "1-0"]
[WhiteElo "2189"]
[BlackElo "1658"]
[PlyCount "91"]
[EventDate "2023.??.??"]
[SourceVersionDate "2023.11.03"]

1. e4 c5 2. Nf3 d6 3. Bb5+ Bd7 4. Bxd7+ Qxd7 5. c4 e5 6. Nc3 Nf6 7. d3 Be7 8.
O-O O-O 9. a3 Nc6 10. Rb1 Nd4 11. b4 b6 12. Bg5 Qg4 13. Nxd4 Qxd1 14. Rfxd1
exd4 15. Bxf6 Bxf6 16. Nd5 Bd8 17. g4 f6 18. a4 Kf7 19. Kg2 Be7 20. Rb2 Rab8
21. Rdb1 Bd8 22. bxc5 dxc5 23. a5 g5 24. Rb5 Rc8 25. axb6 axb6 26. Nxb6 Bxb6
27. Rxb6 Kg6 28. R1b5 Rfe8 29. Rd6 Rc7 30. Rbb6 Rf8 31. e5 Ra8 32. Rxf6+ Kg7
33. Rbc6 Rxc6 34. Rxc6 Ra3 35. Rxc5 Rxd3 36. Rd5 Kf7 37. Rd6 Ke7 38. Kf1 Rh3
39. Rxd4 Rxh2 40. Re4 Rh3 41. Ke2 Ke6 42. Re3 Rh4 43. Re4 h5 44. c5 Rxg4 45.
Rxg4 hxg4 46. c6 1-0

[Event "Superettan(Helsingborg-Lulea)"]
[Site "?"]
[Date "2023.10.13"]
[Round "1"]
[White "Rosell, Tomas"]
[Black "Marcussen, Arno"]
[Result "1-0"]
[WhiteElo "2155"]
[BlackElo "2164"]
[PlyCount "52"]
[SourceVersionDate "2023.10.29"]

1. e4 c5 2. Nc3 a6 3. f4 e6 4. Nf3 d5 5. d3 dxe4 6. Nxe4 Nf6 7. Qe2 Nc6 8. c3
Be7 9. g3 O-O 10. Bg2 Qc7 11. O-O b6 12. Ne5 Bb7 13. Ng5 Nxe5 14. Bxb7 Qxb7 15.
fxe5 Ne8 16. Qh5 Bxg5 17. Bxg5 f6 18. exf6 Nxf6 19. Bxf6 Rxf6 20. Rxf6 gxf6 21.
Qg4+ Kf7 22. Rf1 Rf8 23. Qh3 Ke7 24. Qxh7+ Rf7 25. Qh5 e5 26. Qf5 Qd5 1-0

[Event "Superettan(Kristallen-SS 4 Springare)"]
[Site "?"]
[Date "2023.10.13"]
[Round "1"]
[White "Jakenberg, Jussi"]
[Black "Dingertz, Erik"]
[Result "0-1"]
[WhiteElo "2042"]
[BlackElo "2140"]
[PlyCount "56"]
[SourceVersionDate "2023.11.02"]

1. e4 e5 2. Nf3 Nc6 3. Bc4 Bc5 4. c3 Nf6 5. d3 O-O 6. Bb3 d5 7. Qe2 Be6 8. Bc2
h6 9. h3 a5 10. a4 d4 11. O-O Nh7 12. g4 h5 13. Nh2 Qh4 14. Kg2 hxg4 15. hxg4
Ng5 16. Bxg5 Qxg5 17. Nd2 Ne7 18. Nb3 Ng6 19. Kh1 Nf4 20. Qf3 Bxb3 21. Bxb3 Ra6
22. Bc4 Rh6 23. Qg3 Rh3 24. Qg1 dxc3 25. bxc3 g6 26. Rae1 Kg7 27. Re3 Rxh2+ 28.
Qxh2 Rh8 0-1

[Event "Superettan(Rockaden,Sthlm II-Upsala)"]
[Site "?"]
[Date "2023.10.13"]
[Round "1"]
[White "Nyberg, Per"]
[Black "Svorono, Gabriel"]
[Result "0-1"]
[WhiteElo "1470"]
[BlackElo "2056"]
[PlyCount "38"]
[SourceVersionDate "2023.11.03"]

1. Nc3 d5 2. d4 Nf6 3. Nf3 Bf5 4. e3 e5 5. a3 c5 6. Bd3 Bxd3 7. Qxd3 Nc6 8. O-O
Rc8 9. Re1 Qc7 10. e4 cxd4 11. Nb5 Qb6 12. exd5 Nxd5 13. Nbxd4 Nxd4 14. Nxd4
Bc5 15. Qb5+ Qxb5 16. Nxb5 a6 17. c4 Nb6 18. Nc3 Nxc4 19. b4 Bd4 0-1

[Event "Superettan(Helsingborg-Lulea)"]
[Site "?"]
[Date "2023.10.13"]
[Round "1"]
[White "Pettersson, Tobias"]
[Black "Rothman, Peter"]
[Result "1/2-1/2"]
[WhiteElo "2068"]
[BlackElo "2113"]
[PlyCount "83"]
[SourceVersionDate "2023.10.29"]

1. d4 d5 2. Nf3 Nf6 3. Bg5 h6 4. Bh4 Bf5 5. e3 e6 6. Bd3 Bxd3 7. Qxd3 c6 8.
Nbd2 Be7 9. Ne5 Nbd7 10. Nxd7 Qxd7 11. a4 a5 12. O-O O-O 13. c3 Rfd8 14. Rfd1
b6 15. b3 c5 16. Rac1 Qa7 17. h3 Rac8 18. Qf1 Rc6 19. Qd3 Rdc8 20. Rc2 Qc7 21.
Bg3 Bd6 22. Bxd6 Qxd6 23. dxc5 bxc5 24. f4 Qc7 25. c4 Rb8 26. cxd5 exd5 27.
Rdc1 Rb4 28. Nf3 Qb6 29. Nd2 g6 30. Kh2 Qc7 31. Rc3 d4 32. Rc4 dxe3 33. Qxe3
Nd5 34. Qe5 Rxc4 35. Qxc7 Rxc7 36. Nxc4 Nxf4 37. Nxa5 Ne6 38. Nc4 Nd4 39. Rc3
Kf8 40. Nd2 Ne6 41. Kg3 f5 42. Kf2 1/2-1/2

[Event "Superettan(Kristallen-SS 4 Springare)"]
[Site "?"]
[Date "2023.10.13"]
[Round "1"]
[White "Persson, Andreas"]
[Black "Mattsson, Michael"]
[Result "1-0"]
[WhiteElo "2108"]
[BlackElo "2066"]
[PlyCount "71"]
[SourceVersionDate "2023.11.02"]

1. d4 Nf6 2. Nf3 d6 3. g3 g6 4. Bg2 Bg7 5. O-O Nc6 6. b3 Bf5 7. Bb2 Qd7 8. c4
O-O-O 9. d5 Nb4 10. a3 Na6 11. b4 Kb8 12. Nbd2 e5 13. dxe6 fxe6 14. Nd4 e5 15.
Nxf5 Qxf5 16. Nb3 h5 17. Na5 c6 18. b5 e4 19. Nxb7 Kxb7 20. bxa6+ Kc7 21. Qa4
h4 22. Bc3 hxg3 23. Qa5+ Kd7 24. fxg3 Qe6 25. Rab1 Qxc4 26. Rb7+ Ke6 27. Rxg7
Nd5 28. Rxg6+ Ke7 29. Bxh8 Rxh8 30. Qd2 Qc5+ 31. Kh1 Ne3 32. Rg7+ Ke6 33. Rf4
d5 34. h4 Nf5 35. Bh3 Kf6 36. Rxf5+ 1-0

[Event "Superettan(Helsingborg-Lulea)"]
[Site "?"]
[Date "2023.10.13"]
[Round "1"]
[White "Hakansson, Stefan"]
[Black "Liden, Tommy"]
[Result "0-1"]
[WhiteElo "2026"]
[BlackElo "2095"]
[PlyCount "74"]
[SourceVersionDate "2023.10.29"]

1. d4 d5 2. Bf4 Nf6 3. e3 c5 4. c3 e6 5. Nd2 Bd6 6. Bg3 Qc7 7. Ngf3 Nbd7 8. Bd3
O-O 9. Qc2 e5 10. dxe5 Nxe5 11. Nxe5 Bxe5 12. Nf3 Bxg3 13. hxg3 g6 14. Qa4 c4
15. Bb1 b5 16. Qd1 Rb8 17. Qd4 Rb6 18. Qh4 h5 19. Qg5 Re8 20. a3 a5 21. Nd4 Re5
22. Qf4 g5 23. Nxb5 gxf4 24. Nxc7 fxg3 25. a4 Rxb2 26. O-O gxf2+ 27. Rxf2 Rxf2
28. Kxf2 Ng4+ 29. Kf3 Rxe3+ 30. Kf4 Bb7 31. Nb5 Re2 32. Kf3 Rb2 33. Nd4 Ne5+
34. Kf4 Nc6 35. Nb5 Rxg2 36. Bf5 Ne7 37. Bh3 Ng6+ 0-1

[Event "Superettan(Burgsvik-Skara)"]
[Site "?"]
[Date "2023.10.13"]
[Round "1"]
[White "Djurhuus, Rune"]
[Black "Schandorff, Lars"]
[Result "1/2-1/2"]
[WhiteElo "2390"]
[BlackElo "2471"]
[PlyCount "37"]
[SourceVersionDate "2023.11.03"]

1. Nf3 Nf6 2. d4 d5 3. Bf4 c5 4. e3 Nc6 5. c3 Qb6 6. Qb3 c4 7. Qc2 Bf5 8. Qc1
e6 9. Nbd2 Rc8 10. Be2 Be7 11. O-O O-O 12. b3 Qa5 13. a4 cxb3 14. Nxb3 Qd8 15.
Qb2 Ne4 16. Nfd2 Nxd2 17. Nxd2 Na5 18. Rfc1 Bd6 19. Bxd6 1/2-1/2

[Event "Superettan(Farsta-Schack 08)"]
[Site "?"]
[Date "2023.10.13"]
[Round "1"]
[White "Karlsson, Tomas"]
[Black "Ong, Kezli"]
[Result "1/2-1/2"]
[WhiteElo "2274"]
[BlackElo "2278"]
[PlyCount "148"]
[SourceVersionDate "2023.10.31"]

1. e4 e5 2. Nf3 Nc6 3. Bb5 a6 4. Ba4 Nf6 5. O-O Be7 6. Re1 b5 7. Bb3 O-O 8. c3
d6 9. h3 Nb8 10. d4 Nbd7 11. Nbd2 Bb7 12. Bc2 Re8 13. Nf1 Bf8 14. Ng3 g6 15. a4
c5 16. d5 c4 17. Bg5 h6 18. Be3 Nc5 19. Qd2 h5 20. Bg5 Be7 21. Qe3 Nfd7 22.
Bxe7 Qxe7 23. Nd2 h4 24. Ngf1 Kg7 25. Qe2 Nf6 26. Ne3 Reb8 27. Ra3 Bc8 28. axb5
axb5 29. Rea1 Qb7 30. Qe1 Rxa3 31. Rxa3 Ra8 32. Qa1 Rxa3 33. Qxa3 Nh5 34. b3
cxb3 35. Nxb3 Nxb3 36. Bxb3 Qc7 37. c4 Nf6 38. Bc2 bxc4 39. Qa4 c3 40. Qb4 Ba6
41. Nd1 Bd3 42. Bxd3 c2 43. Bxc2 Qxc2 44. Ne3 Qxe4 45. Qxd6 Qd4 46. Ng4 Nxg4
47. hxg4 e4 48. Qe7 Qd1+ 49. Kh2 Qxd5 50. Qxh4 Qe5+ 51. Kg1 e3 52. fxe3 Qxe3+
53. Kf1 Qf4+ 54. Kg1 Qd4+ 55. Kh2 Qf4+ 56. Kg1 Qc1+ 57. Kf2 Qc5+ 58. Kf1 Qc1+
59. Kf2 Qb2+ 60. Kg1 Qb6+ 61. Kh1 Qb1+ 62. Kh2 Qb8+ 63. Kg1 Qa7+ 64. Kh1 Qa1+
65. Kh2 Qe5+ 66. Kh1 g5 67. Qf2 Qe4 68. Qg3 Kg6 69. Qd6+ Kg7 70. Qd7 Qe1+ 71.
Kh2 Qh4+ 72. Kg1 Qe1+ 73. Kh2 Qe5+ 74. Kg1 Qe3+ 1/2-1/2

[Event "Superettan(Burgsvik-Skara)"]
[Site "?"]
[Date "2023.10.13"]
[Round "1"]
[White "Andersson, Tommy"]
[Black "Ronneland, Daniel"]
[Result "0-1"]
[WhiteElo "2364"]
[BlackElo "2217"]
[PlyCount "84"]
[SourceVersionDate "2023.11.03"]

1. d4 Nf6 2. c4 e6 3. Nf3 d5 4. Nc3 Bb4 5. e3 O-O 6. Qb3 Nc6 7. a3 Bxc3+ 8.
Qxc3 Ne4 9. Qc2 a5 10. Bd3 f5 11. b3 Bd7 12. Bb2 Be8 13. O-O-O Qe7 14. Ne5 Nxe5
15. dxe5 dxc4 16. Bxc4 b5 17. Bd3 a4 18. b4 c5 19. Bxe4 fxe4 20. bxc5 b4 21.
axb4 a3 22. Ba1 Ba4 23. Qxe4 Bxd1 24. Rxd1 Qa7 25. f4 a2 26. Qc4 Qa3+ 27. Kc2
Qa4+ 28. Qb3 Qc6 29. Qc4 Qxg2+ 30. Kb3 Qf3 31. Qxe6+ Kh8 32. Qd5 Qxe3+ 33. Qd3
Qxf4 34. e6 Qg4 35. Qd5 Rf3+ 36. Rd3 Rxd3+ 37. Qxd3 Qxe6+ 38. Kc2 Rf8 39. b5
Qe1 40. Kb2 Qb4+ 41. Kxa2 Ra8+ 42. Qa3 Rxa3# 0-1

[Event "Superettan(Farsta-Schack 08)"]
[Site "?"]
[Date "2023.10.13"]
[Round "1"]
[White "Livner, Anders"]
[Black "Nyander, Joakim"]
[Result "0-1"]
[WhiteElo "2304"]
[BlackElo "2183"]
[PlyCount "124"]
[SourceVersionDate "2023.10.31"]

1. Nf3 c5 2. c4 b6 3. d4 cxd4 4. Nxd4 Bb7 5. Nc3 Nf6 6. f3 d6 7. e4 e6 8. Be2
Be7 9. O-O O-O 10. Be3 a6 11. Qd2 Qc7 12. Rac1 Nbd7 13. Rfd1 Rac8 14. Bf1 Qb8
15. Rc2 Rfe8 16. Kh1 Bd8 17. Bg1 Bc7 18. Nde2 Rcd8 19. Qc1 Ba8 20. Nd4 Bb7 21.
b4 Rc8 22. Qb1 Bd8 23. Nb3 Ne5 24. c5 dxc5 25. bxc5 b5 26. Rb2 Ned7 27. Ne2 Qe5
28. Rbd2 Nb8 29. Nbd4 Ba8 30. Nc1 Bc7 31. Nd3 Qh5 32. Rc2 Red8 33. Nf2 Nc6 34.
Nxc6 Bxc6 35. Re1 Qh4 36. g4 h5 37. g5 Qxg5 38. Nh3 Qe5 39. Rg2 Qc3 40. Be3 Be5
41. Rc2 Qa3 42. Bg2 Rd3 43. Bc1 Qa5 44. Rg1 Rcd8 45. Nf2 R3d7 46. Bf1 Qc7 47.
Bh6 Ne8 48. Bg5 f6 49. Bc1 Bxh2 50. Rg2 Bf4 51. Qb3 Kf7 52. Nd3 Bxc1 53. Rxc1
a5 54. Be2 Rd4 55. Rcg1 b4 56. Rh2 Bb5 57. Nf4 Qxf4 58. Bxb5 Nc7 59. Bc4 a4 60.
Qxb4 Qxf3+ 61. Rhg2 Rxe4 62. Rf1 Qxf1+ 0-1

[Event "Superettan(Burgsvik-Skara)"]
[Site "?"]
[Date "2023.10.13"]
[Round "1"]
[White "Jacobson, Erik"]
[Black "Persson, Mats"]
[Result "0-1"]
[WhiteElo "2179"]
[BlackElo "2311"]
[PlyCount "90"]
[EventDate "2023.??.??"]
[SourceVersionDate "2023.11.03"]

1. e4 e5 2. Nf3 Nc6 3. Bb5 a6 4. Ba4 d6 5. c3 Bd7 6. O-O g6 7. d4 Bg7 8. Re1
Nge7 9. d5 Nb8 10. Bxd7+ Nxd7 11. c4 O-O 12. Nc3 h6 13. b4 a5 14. Ba3 axb4 15.
Bxb4 f5 16. a4 Rf7 17. Nd2 Bf8 18. Nb3 Nc8 19. a5 Be7 20. Ra2 Na7 21. exf5 Rxf5
22. Ne4 Qf8 23. Qg4 Kh7 24. Ng3 Nf6 25. Qe2 Rf4 26. Bd2 Rh4 27. f3 c6 28. Qd3
cxd5 29. cxd5 Qf7 30. a6 b5 31. Ne4 Nxd5 32. g3 Rh5 33. Na5 Rf5 34. Kg2 Rf8 35.
Rf1 Nf4+ 36. gxf4 Qxa2 37. Rf2 Qe6 38. Ng3 R5f7 39. Re2 Qc8 40. Nb7 Qc6 41.
fxe5 Rxf3 42. Qe4 d5 43. Qd4 Qxa6 44. Nd6 b4 45. Re1 Nc6 0-1

[Event "Superettan(Farsta-Schack 08)"]
[Site "?"]
[Date "2023.10.13"]
[Round "1"]
[White "Laveryd, Peter"]
[Black "Hjelm, Niclas"]
[Result "1/2-1/2"]
[WhiteElo "2354"]
[BlackElo "2291"]
[PlyCount "65"]
[SourceVersionDate "2023.10.31"]

1. e4 e5 2. Nf3 Nc6 3. Nc3 Nf6 4. g3 d5 5. exd5 Nxd5 6. Bg2 Nxc3 7. bxc3 Bc5 8.
O-O O-O 9. d3 h6 10. Re1 Qf6 11. Be3 Bb6 12. Nd2 Re8 13. Nb3 Bf5 14. a4 Na5 15.
Qb1 Rab8 16. Qb2 Nxb3 17. Qxb3 Qd6 18. a5 Bxe3 19. Rxe3 b6 20. axb6 axb6 21.
Rae1 Kf8 22. Qc4 b5 23. Qc6 Bd7 24. Qf3 Qc5 25. Qd5 Qxd5 26. Bxd5 f6 27. d4
exd4 28. cxd4 c6 29. Bf3 Rxe3 30. Rxe3 Re8 31. Kf1 Rxe3 32. fxe3 Ke7 33. Ke2
1/2-1/2

[Event "Superettan(Burgsvik-Skara)"]
[Site "?"]
[Date "2023.10.13"]
[Round "1"]
[White "Haitin, Ilja"]
[Black "Nygren, Kim"]
[Result "1/2-1/2"]
[WhiteElo "2284"]
[BlackElo "2171"]
[PlyCount "88"]
[SourceVersionDate "2023.11.03"]

1. Nf3 d5 2. g3 g6 3. c4 d4 4. d3 Bg7 5. Bg2 e5 6. e3 dxe3 7. fxe3 Nc6 8. Nc3
Nge7 9. O-O O-O 10. Qe2 Bg4 11. h3 Bxf3 12. Bxf3 Qd7 13. Kh2 Rad8 14. Rd1 f5
15. Bg2 g5 16. Nd5 Nxd5 17. Bxd5+ Kh8 18. Bd2 f4 19. Qg4 fxg3+ 20. Kxg3 Qd6 21.
Be4 Rf6 22. Rf1 Rdf8 23. Qh5 h6 24. Qe2 Ne7 25. Rxf6 Rxf6 26. Rf1 Ng8 27. Kg2
Rxf1 28. Qxf1 Nf6 29. Qf5 Nxe4 30. Qxe4 c6 31. Qf5 b5 32. Bc3 bxc4 33. dxc4 Qd1
34. Qf3 Qc2+ 35. Kg3 Qb1 36. Kg4 Qd3 37. Kh5 Qxc4 38. Qf5 Qg8 39. Qd7 Qf8 40.
Qxc6 Qf5 41. e4 Qf7+ 42. Kg4 Qf4+ 43. Kh5 Qf7+ 44. Kg4 Qf4+ 1/2-1/2